Scotland's zero waste plan (Record no. 110767)

MARC details
000 -LEADER
fixed length control field 01201cad a22002415a 4500
001 - CONTROL NUMBER
control field E150167
008 - FIXED-LENGTH DATA ELEMENTS--GENERAL INFORMATION
fixed length control field 100609s2010 xxk f s000 0 eng d
020 ## - INTERNATIONAL STANDARD BOOK NUMBER
International Standard Book Number 9780755983063
035 ## - SYSTEM CONTROL NUMBER
System control number (Sirsi) u150167
041 0# - LANGUAGE CODE
Language code of text/sound track or separate title eng
050 04 - LIBRARY OF CONGRESS CALL NUMBER
Classification number 614.76 $2 18
110 2# - MAIN ENTRY--CORPORATE NAME
Corporate name or jurisdiction name as entry element Scotland
Subordinate unit Scottish Government
9 (RLIN) 5344
245 00 - TITLE STATEMENT
Title Scotland's zero waste plan
Medium [electronic resource]
260 ## - PUBLICATION, DISTRIBUTION, ETC.
Place of publication, distribution, etc. Edinburgh
Name of publisher, distributor, etc. Scottish Government
Date of publication, distribution, etc. 2010
505 2# - FORMATTED CONTENTS NOTE
Formatted contents note Ministerial foreword -- Introduction -- Mission and vision -- Areas of action: resource streams; economic opportunity; resource management sector; education and awareness -- Conclusions and delivery
520 ## - SUMMARY, ETC.
Summary, etc. Sets out a framework to enable the delivery of a zero waste Scotland over the next 10 years. Includes a long term Mission and Vision, as well as setting strategic directions in the main areas of activity for the medium term, and highlighting immediate priorities.
521 ## - TARGET AUDIENCE NOTE
Target audience note Advanced
590 ## - LOCAL NOTE (RLIN)
Local note KA
651 #4 - SUBJECT ADDED ENTRY--GEOGRAPHIC NAME
Geographic name Scotland
Chronological subdivision 1999-
690 ## - LOCAL SUBJECT ADDED ENTRY--TOPICAL TERM (OCLC, RLIN)
Topical term or geographic name as entry element ENVIRONMENTAL AND LAND CONSULTANCY-WASTE MANAGEMENT
856 40 - ELECTRONIC LOCATION AND ACCESS
Uniform Resource Identifier <a href="https://www.scotland.gov.uk/Publications/2010/06/08092645/0">https://www.scotland.gov.uk/Publications/2010/06/08092645/0</a>
Public note View the Plan free of charge at www.scotland.gov.uk...
942 ## - ADDED ENTRY ELEMENTS (KOHA)
Suppress in OPAC 0
Holdings
Withdrawn status Lost status Source of classification or shelving scheme Damaged status Not for loan Home library Current library Shelving location Date acquired Total Checkouts Full call number Barcode Date last seen Copy number Price effective from Koha item type
    Dewey Decimal Classification     Virtual Virtual Online 09/06/2010   ONLINE PUBLICATION 150167-2001 06/08/2019 1 06/08/2019 Book